000
00310nam a22001337a 4500
003
SGT
082
_a
635
_b
KUM
100
_a
KUMAR DR. CH D HEMANT
245
_a
GLIMPSES OF HI-TECH HORTICULTURE
260
_a
NEW DELHI
_b
BHAVYA BOOK PUB
_c
2023
300
_a
252
650
_a
HORTICULTURE
942
_2
ddc
_c
BK
999
_c
26894
_d
26894